00480nam a22001577a 4500010001400000020002600014035001700040037001300057082000600070100002300076245008500099260003200184270006800216300002100284700001700305 a1718CH-EN a9780143427759c250.00 aB-673260-273 aDPLbBSB aS aMahtani, Nayanika  aThe gory story of Genghis Khan:cby Nayanika Mahtani; illustrated by Tapas Guha  aGurgaon bPuffin Bookc2016 a7th Floor, Infinity Tower C, DLF Cyber City, bGurgaon e122002 a187p.c19cm(pbk) aGuha, Tapas